| 000 | 00474nam a2200193Ia 4500 | ||
|---|---|---|---|
| 003 | GCL | ||
| 008 | 140319s9999 xx 000 0 eng d | ||
| 040 |
_aGCL / _cGCL |
||
| 082 | 0 | 4 |
_a759 _bF P |
| 100 | 1 | _aFERMIGIER, ANDRE | |
| 245 | 1 | 0 |
_aPIERRE BONNARD / _cFERMIGIER, ANDRE |
| 260 |
_a[S.N] : _bTHAMES AND HUDSON ، _c1987 |
||
| 300 | _a127 P | ||
| 650 | 0 | 4 | _aHISTORY AND CRITICISM |
| 650 | 0 | 4 | _aPAINTING |
| 650 | 0 | 4 | _aPAINTERS |
| 650 | 0 | 4 | _aBONNARD |
| 942 |
_2ddc _cBK |
||
| 999 |
_c11322 _d11322 |
||